Využitie prognózovania pri riadení predaja a plánovaní predaja vo firme pôsobiacej na trhu podnikateľských subjektov diplomová práca

Gespeichert in:
Bibliographische Detailangaben
1. Verfasser: Matulová, Mgr. Lenka
Körperschaft: Obchodná fakulta EU. Katedra marketingu
Weitere Verfasser: Oreský, Milan, 1956-
Format: Buch
Sprache:Slowakisch
Veröffentlicht: Bratislava 2012
Tags: Tag hinzufügen
Keine Tags, Fügen Sie das erste Tag hinzu!

MARC

LEADER 00000nbm a2200000 4500
001 0158931
005 20170315090434.9
041 0 |a slo 
044 |a SK 
245 1 0 |a Využitie prognózovania pri riadení predaja a plánovaní predaja vo firme pôsobiacej na trhu podnikateľských subjektov  |b diplomová práca  |c Mgr. Lenka Matulová ; školiteľ: Milan Oreský 
264 1 |a Bratislava  |c 2012 
300 |a 60 s. 
100 1 |a Matulová, Mgr. Lenka 
700 1 |a Oreský, Milan, 1956- 
710 2 |a Obchodná fakulta EU. Katedra marketingu